[Event "Moscow Aeroflot op-A"]
[Site "Moscow"]
[Date "2020.02.23"]
[Round "5"]
[White "Vignesh, NR."]
[Black "Wagner, Dennis"]
[Result "0-1"]
[WhiteElo "2436"]
[BlackElo "2590"]
[PlyCount "68"]
[EventDate "2020.02.19"]
[EventType "swiss"]
[EventRounds "9"]
[EventCountry "RUS"]
[SourceTitle "CBM 195"]
[Source "ChessBase"]
[SourceDate "2020.04.30"]
[SourceVersion "1"]
[SourceVersionDate "2020.04.30"]
[SourceQuality "1"]

1. e4 e5 2. Nf3 Nc6 3. Bc4 Bc5 4. O-O Nf6 5. d3 d6 6. c3 a6 7. a4 Ba7 8. Nbd2
Nh5 9. Nb3 Qf6 10. Nxe5 Nxe5 11. Qxh5 Bg4 12. Qg5 Be2 13. Qxf6 gxf6 14. Bf4
Nxc4 15. dxc4 Bxc4 16. Nd2 Bxf1 17. Nxf1 O-O-O 18. Rd1 Rhe8 19. Ng3 f5 20. exf5
d5 21. Bg5 Rd6 22. Bf4 Rd7 23. Nh5 Re2 24. Bg3 Rde7 25. Kf1 Rxb2 26. Nf6 c6 27.
Nxh7 Ree2 28. Re1 Rxe1+ 29. Kxe1 a5 30. Ng5 b5 31. Nxf7 bxa4 32. f6 a3 33. Nd6+
Kd7 34. f7 a2 0-1

[Event "Moscow Aeroflot op-A"]
[Site "Moscow"]
[Date "2020.02.23"]
[Round "5"]
[White "Zhou, Jianchao"]
[Black "Sychev, Klementy"]
[Result "1/2-1/2"]
[WhiteElo "2622"]
[BlackElo "2563"]
[PlyCount "38"]
[EventDate "2020.02.19"]
[EventType "swiss"]
[EventRounds "9"]
[EventCountry "RUS"]
[SourceTitle "CBM 195"]
[Source "ChessBase"]
[SourceDate "2020.04.30"]
[SourceVersion "1"]
[SourceVersionDate "2020.04.30"]
[SourceQuality "1"]

1. d4 d5 2. c4 e6 3. Nc3 Bb4 4. cxd5 exd5 5. Bf4 c6 6. e3 Ne7 7. Bd3 Bf5 8.
Nge2 O-O 9. O-O Bd6 10. Bg5 Bxd3 11. Qxd3 Na6 12. f3 f6 13. Bh4 Ng6 14. Bf2 f5
15. Kh1 Nc7 16. e4 fxe4 17. fxe4 Qd7 18. exd5 cxd5 19. Bg3 Rxf1+ 1/2-1/2

[Event "Moscow Aeroflot op-A"]
[Site "Moscow"]
[Date "2020.02.23"]
[Round "5"]
[White "Zvjaginsev, Vadim"]
[Black "Pranesh, M."]
[Result "1-0"]
[WhiteElo "2623"]
[BlackElo "2425"]
[PlyCount "89"]
[EventDate "2020.02.19"]
[EventType "swiss"]
[EventRounds "9"]
[EventCountry "RUS"]
[SourceTitle "CBM 195"]
[Source "ChessBase"]
[SourceDate "2020.04.30"]
[SourceVersion "1"]
[SourceVersionDate "2020.04.30"]
[SourceQuality "1"]

1. Nf3 Nf6 2. c4 e6 3. g3 d5 4. Bg2 Be7 5. d4 O-O 6. Nc3 dxc4 7. Ne5 Nc6 8.
Bxc6 bxc6 9. Nxc6 Qe8 10. Nxe7+ Qxe7 11. Qa4 e5 12. dxe5 Qxe5 13. Qxc4 Bh3 14.
Bf4 Qh5 15. O-O-O Be6 16. Qd4 c5 17. Qe5 Qxe5 18. Bxe5 Ng4 19. Bd6 Nxf2 20.
Bxf8 Kxf8 21. Rhf1 Nxd1 22. Rxd1 Ke7 23. Nd5+ Bxd5 24. Rxd5 Rc8 25. Kc2 Rc6 26.
Kc3 Rh6 27. Rxc5 Rxh2 28. Rc7+ Ke6 29. Rxa7 Rg2 30. b4 Rxg3+ 31. Kc4 h5 32. b5
h4 33. b6 Rg1 34. Ra8 Rb1 35. Kc5 g5 36. a4 Kf6 37. Rg8 h3 38. Rh8 g4 39. a5
Rb3 40. Kc4 Rb1 41. a6 Kg7 42. a7 Kxh8 43. b7 Rc1+ 44. Kd3 h2 45. b8=Q+ 1-0

[Event "Moscow Aeroflot op-A"]
[Site "Moscow"]
[Date "2020.02.24"]
[Round "6"]
[White "Abdumalik, Zhansaya"]
[Black "Kardashevskiy, Evgeny"]
[Result "0-1"]
[WhiteElo "2471"]
[BlackElo "2437"]
[PlyCount "138"]
[EventDate "2020.02.19"]
[EventType "swiss"]
[EventRounds "9"]
[EventCountry "RUS"]
[SourceTitle "CBM 195"]
[Source "ChessBase"]
[SourceDate "2020.04.30"]
[SourceVersion "1"]
[SourceVersionDate "2020.04.30"]
[SourceQuality "1"]

1. e4 c5 2. Nf3 Nc6 3. d4 cxd4 4. Nxd4 Nf6 5. Nc3 e5 6. Ndb5 d6 7. Bg5 a6 8.
Na3 b5 9. Nd5 Be7 10. Bxf6 Bxf6 11. c4 b4 12. Nc2 a5 13. g3 O-O 14. Bg2 Bg5 15.
O-O Ne7 16. Nde3 Bxe3 17. Nxe3 Be6 18. Qd3 Qc7 19. b3 Nc6 20. f4 f6 21. Rad1
Nd4 22. Nf5 Bxf5 23. exf5 Ra7 24. Bd5+ Kh8 25. Rd2 a4 26. Kg2 axb3 27. axb3 Ra3
28. Rb2 Qa7 29. Qb1 Re8 30. fxe5 Rxe5 31. Qd3 Ra2 32. Rxa2 Qxa2+ 33. Rf2 Qa1
34. Kh3 h5 35. Bg2 Qc3 36. Qd1 Nxf5 37. Rf4 Ne3 38. Qxd6 Nxg2 39. Kxg2 Re2+ 40.
Rf2 Rxf2+ 41. Kxf2 Qc2+ 42. Kg1 Qxb3 43. c5 Qe3+ 44. Kg2 b3 45. c6 Qe2+ 46. Kg1
b2 47. Qb8+ Kh7 48. c7 Qd1+ 49. Kg2 Qc2+ 50. Kf3 b1=Q 51. Qxb1 Qxb1 52. c8=Q
Qh1+ 53. Ke3 Qxh2 54. Qf5+ Kh6 55. Qf4+ Kg6 56. Qe4+ f5 57. Qe6+ Kg5 58. Qe7+
Kh6 59. Qe6+ g6 60. Qe5 Qg1+ 61. Ke2 Qg2+ 62. Ke3 Qe4+ 63. Qxe4 fxe4 64. Kxe4
Kg5 65. Kf3 Kf5 66. Kf2 Kg4 67. Kg2 g5 68. Kh2 Kf3 69. Kh3 g4+ 0-1

[Event "Moscow Aeroflot op-A"]
[Site "Moscow"]
[Date "2020.02.24"]
[Round "6"]
[White "Adhiban, Baskaran"]
[Black "Savchenko, Boris"]
[Result "1/2-1/2"]
[WhiteElo "2654"]
[BlackElo "2573"]
[PlyCount "64"]
[EventDate "2020.02.19"]
[EventType "swiss"]
[EventRounds "9"]
[EventCountry "RUS"]
[SourceTitle "CBM 195"]
[Source "ChessBase"]
[SourceDate "2020.04.30"]
[SourceVersion "1"]
[SourceVersionDate "2020.04.30"]
[SourceQuality "1"]

1. e4 e6 2. d4 d5 3. Nc3 Bb4 4. e5 c5 5. a3 Bxc3+ 6. bxc3 Qa5 7. Bd2 Qa4 8. Qg4
g6 9. h4 h6 10. Qd1 Nc6 11. dxc5 Nxe5 12. c4 Nxc4 13. Bc3 f6 14. Bd3 Kf7 15.
Qf3 Qc6 16. Rd1 e5 17. Bxc4 dxc4 18. Rd6 Qxf3 19. Nxf3 Be6 20. O-O Ne7 21. Rb1
Bd5 22. Nd2 g5 23. Nf1 gxh4 24. Ne3 Bc6 25. f4 Rhg8 26. fxe5 Rg3 27. e6+ Kg6
28. Re1 Nf5 29. Nxf5 Kxf5 30. e7 Re8 31. Rxf6+ Kg5 32. Ree6 Rxc3 1/2-1/2

[Event "Moscow Aeroflot op-A"]
[Site "Moscow"]
[Date "2020.02.24"]
[Round "6"]
[White "Aryan, Chopra"]
[Black "Karthikeyan, Murali"]
[Result "1/2-1/2"]
[WhiteElo "2562"]
[BlackElo "2602"]
[PlyCount "69"]
[EventDate "2020.02.19"]
[EventType "swiss"]
[EventRounds "9"]
[EventCountry "RUS"]
[SourceTitle "CBM 195"]
[Source "ChessBase"]
[SourceDate "2020.04.30"]
[SourceVersion "1"]
[SourceVersionDate "2020.04.30"]
[SourceQuality "1"]

1. e4 c5 2. Nf3 Nc6 3. d4 cxd4 4. Nxd4 Nf6 5. Nc3 e5 6. Ndb5 d6 7. Nd5 Nxd5 8.
exd5 Nb8 9. a4 Be7 10. Be2 O-O 11. O-O Nd7 12. Kh1 a6 13. Na3 f5 14. f4 b6 15.
a5 Rb8 16. axb6 Nxb6 17. c4 Bf6 18. Nc2 Nd7 19. b4 exf4 20. Bxf4 Bxa1 21. Qxa1
Re8 22. Bh5 Re4 23. Bxd6 Rb6 24. c5 Rxd6 25. cxd6 Nf6 26. Bf3 Re8 27. Qc3 Qxd6
28. Qc5 Qe5 29. d6 Bd7 30. Nd4 Qe3 31. Nc6 Qd3 32. Kg1 Bxc6 33. Bxc6 Rd8 34. d7
Nxd7 35. Qd5+ 1/2-1/2

[Event "Moscow Aeroflot op-A"]
[Site "Moscow"]
[Date "2020.02.24"]
[Round "6"]
[White "Asadli, Vugar Afgan Oglu"]
[Black "Deac, Bogdan Daniel"]
[Result "1/2-1/2"]
[WhiteElo "2538"]
[BlackElo "2626"]
[PlyCount "101"]
[EventDate "2020.02.19"]
[EventType "swiss"]
[EventRounds "9"]
[EventCountry "RUS"]
[SourceTitle "CBM 195"]
[Source "ChessBase"]
[SourceDate "2020.04.30"]
[SourceVersion "1"]
[SourceVersionDate "2020.04.30"]
[SourceQuality "1"]

1. e4 c5 2. Nc3 d6 3. f4 g6 4. Nf3 Bg7 5. d4 cxd4 6. Nxd4 Nc6 7. Be3 Nf6 8. Be2
O-O 9. Nb3 e5 10. O-O exf4 11. Bxf4 Re8 12. Qxd6 Qxd6 13. Bxd6 Nxe4 14. Nxe4
Rxe4 15. Bf3 Re6 16. Ba3 Nd4 17. Nxd4 Bxd4+ 18. Kh1 Rb6 19. Rad1 Bf6 20. c4 Kg7
21. c5 Re6 22. Rd3 a5 23. b3 Raa6 24. Bg4 Rec6 25. Bxc8 Rxc8 26. Rdf3 g5 27.
Rxf6 Rxf6 28. Bb2 Rcc6 29. h3 Kg6 30. Bxf6 Rxf6 31. Rd1 Rf5 32. Rd7 Rxc5 33.
Rxb7 h5 34. a4 Rc1+ 35. Kh2 h4 36. Rb6+ f6 37. Rb5 Rb1 38. Rxa5 Rxb3 39. Rb5
Ra3 40. a5 Ra1 41. Rc5 Ra2 42. Rb5 f5 43. Rb6+ Kh5 44. Rb5 Kg6 45. Rb6+ Kf7 46.
a6 g4 47. hxg4 fxg4 48. Rb4 h3 49. Rxg4 hxg2 50. a7 Rxa7 51. Kxg2 1/2-1/2

[Event "Moscow Aeroflot op-A"]
[Site "Moscow"]
[Date "2020.02.24"]
[Round "6"]
[White "Badelka, Olga"]
[Black "Can, Emre"]
[Result "1-0"]
[WhiteElo "2404"]
[BlackElo "2600"]
[PlyCount "75"]
[EventDate "2020.02.19"]
[EventType "swiss"]
[EventRounds "9"]
[EventCountry "RUS"]
[SourceTitle "CBM 195"]
[Source "ChessBase"]
[SourceDate "2020.04.30"]
[SourceVersion "1"]
[SourceVersionDate "2020.04.30"]
[SourceQuality "1"]

1. c4 g6 2. Nc3 c5 3. Nf3 Bg7 4. g3 Nc6 5. Bg2 e5 6. O-O Nge7 7. Ne1 O-O 8. a3
a5 9. Nc2 d6 10. d3 Be6 11. Ne3 Rb8 12. Ned5 Bc8 13. Rb1 Nxd5 14. cxd5 Nd4 15.
e3 Nf5 16. b4 cxb4 17. axb4 Bd7 18. Ba3 b5 19. bxa5 Qxa5 20. Bb4 Qb6 21. Ne4 h5
22. h3 Rfd8 23. g4 hxg4 24. hxg4 Nh6 25. Qd2 Ra8 26. g5 Nf5 27. Nf6+ Bxf6 28.
gxf6 Kh7 29. e4 Nd4 30. Kh2 Rg8 31. f4 Rh8 32. Kg3 exf4+ 33. Rxf4 g5 34. Rg4
Ne2+ 35. Qxe2 Kg6 36. e5 dxe5 37. Be4+ Kxf6 38. Rf1+ 1-0

[Event "Moscow Aeroflot op-A"]
[Site "Moscow"]
[Date "2020.02.24"]
[Round "6"]
[White "Bharath, Subramaniyam H"]
[Black "Paravyan, David"]
[Result "1/2-1/2"]
[WhiteElo "2402"]
[BlackElo "2629"]
[PlyCount "100"]
[EventDate "2020.02.19"]
[EventType "swiss"]
[EventRounds "9"]
[EventCountry "RUS"]
[SourceTitle "CBM 195"]
[Source "ChessBase"]
[SourceDate "2020.04.30"]
[SourceVersion "1"]
[SourceVersionDate "2020.04.30"]
[SourceQuality "1"]

1. e4 e5 2. Nf3 Nc6 3. Bc4 Bc5 4. c3 Nf6 5. d3 d6 6. O-O Bb6 7. a4 a5 8. Re1
O-O 9. h3 Be6 10. Nbd2 h6 11. b3 Kh8 12. Bb2 Nh5 13. d4 Nf4 14. Bf1 f5 15. exf5
Bxf5 16. Nc4 e4 17. Nh2 Ba7 18. Ne3 Be6 19. Bc1 Qf6 20. Ra2 Qf7 21. Rb2 Rad8
22. Neg4 d5 23. g3 Ng6 24. Bg2 Nb8 25. f4 c5 26. dxc5 Bxc5+ 27. Be3 Qc7 28. Rd2
Ne7 29. Nf1 Bxg4 30. hxg4 Na6 31. Kh2 Rc8 32. Ree2 Qb6 33. c4 dxc4 34. bxc4 Qg6
35. Rf2 Nc6 36. Rd5 Ncb4 37. Bxc5 Nxc5 38. Rd6 Qf7 39. Qd4 Kg8 40. Ne3 Nbd3 41.
Rf1 Rfe8 42. Rb1 Rc6 43. Rb6 Ne6 44. Qd5 Ndxf4 45. gxf4 Qxf4+ 46. Kh1 Qxe3 47.
Rxe6 Qe1+ 48. Kh2 Qh4+ 49. Kg1 Qe1+ 50. Kh2 Qh4+ 1/2-1/2

[Event "Moscow Aeroflot op-A"]
[Site "Moscow"]
[Date "2020.02.24"]
[Round "6"]
[White "Cordova, Emilio"]
[Black "Sargissian, Gabriel"]
[Result "1/2-1/2"]
[WhiteElo "2593"]
[BlackElo "2689"]
[PlyCount "81"]
[EventDate "2020.02.19"]
[EventType "swiss"]
[EventRounds "9"]
[EventCountry "RUS"]
[SourceTitle "CBM 195"]
[Source "ChessBase"]
[SourceDate "2020.04.30"]
[SourceVersion "1"]
[SourceVersionDate "2020.04.30"]
[SourceQuality "1"]

1. Nf3 d5 2. d4 Nf6 3. c4 e6 4. g3 Bb4+ 5. Nbd2 O-O 6. Bg2 b6 7. O-O Bb7 8. b3
Nbd7 9. Bb2 Qe7 10. e3 a5 11. a3 Bd6 12. Ne5 Bxe5 13. dxe5 Ne4 14. Nxe4 dxe4
15. b4 axb4 16. axb4 Rxa1 17. Bxa1 Rd8 18. Qb1 Nb8 19. Rd1 Rxd1+ 20. Qxd1 Na6
21. Bc3 g6 22. Qb1 Qf8 23. b5 Nc5 24. Bb4 Qa8 25. Bxc5 bxc5 26. h4 Kg7 27. Kh2
h5 28. Qc2 Kf8 29. Qb1 Kg7 30. Kh3 Kf8 31. b6 Qa5 32. bxc7 Qxc7 33. Bxe4 Ba6
34. Bd3 Qxe5 35. Qb6 Bxc4 36. Bxc4 Qf5+ 37. Kh2 Qxf2+ 38. Kh1 Qxe3 39. Qd6+ Kg7
40. Qf4 Qxf4 41. gxf4 1/2-1/2

[Event "Moscow Aeroflot op-A"]
[Site "Moscow"]
[Date "2020.02.24"]
[Round "6"]
[White "Durarbayli, Vasif"]
[Black "Suleymanli, Aydin Elshan"]
[Result "0-1"]
[WhiteElo "2625"]
[BlackElo "2474"]
[PlyCount "81"]
[EventDate "2020.02.19"]
[EventType "swiss"]
[EventRounds "9"]
[EventCountry "RUS"]
[SourceTitle "CBM 195"]
[Source "ChessBase"]
[SourceDate "2020.04.30"]
[SourceVersion "1"]
[SourceVersionDate "2020.04.30"]
[SourceQuality "1"]

1. e4 c6 2. d4 d5 3. e5 Bf5 4. Nf3 e6 5. Be2 c5 6. Be3 Qb6 7. Nc3 Nc6 8. Na4
Qa5+ 9. c3 c4 10. Nh4 b5 11. Nxf5 exf5 12. Nc5 Bxc5 13. dxc5 Nge7 14. b4 Qa3
15. Qc2 d4 16. cxd4 Qxb4+ 17. Qd2 a5 18. a4 f4 19. axb5 c3 20. Qd3 fxe3 21.
fxe3 Qb2 22. O-O Nb4 23. Qe4 O-O 24. Bc4 c2 25. Rac1 Rad8 26. Bd3 g6 27. b6
Ned5 28. Bc4 Qc3 29. Bxd5 Rxd5 30. b7 Rb8 31. e6 f5 32. Rxc2 Qxc2 33. Qxc2 Nxc2
34. c6 Rb5 35. d5 Kg7 36. d6 Kf6 37. d7 Rc5 38. Rd1 Rd8 39. e4 Ke7 40. exf5
gxf5 41. Rd5 0-1

[Event "Moscow Aeroflot op-A"]
[Site "Moscow"]
[Date "2020.02.24"]
[Round "6"]
[White "Gokerkan, Cem Kaan"]
[Black "Sindarov, Javokhir"]
[Result "0-1"]
[WhiteElo "2461"]
[BlackElo "2537"]
[PlyCount "86"]
[EventDate "2020.02.19"]
[EventType "swiss"]
[EventRounds "9"]
[EventCountry "RUS"]
[SourceTitle "CBM 195"]
[Source "ChessBase"]
[SourceDate "2020.04.30"]
[SourceVersion "1"]
[SourceVersionDate "2020.04.30"]
[SourceQuality "1"]

1. Nf3 d5 2. g3 c6 3. Bg2 Bg4 4. O-O Nd7 5. d3 Ngf6 6. Nbd2 e5 7. h3 Bh5 8. e4
dxe4 9. dxe4 Be7 10. b3 O-O 11. Bb2 Qc7 12. Qe2 Rfe8 13. a4 Bc5 14. Rad1 Nf8
15. Nc4 N6d7 16. Rd3 f6 17. Rfd1 Red8 18. Ne3 Ne6 19. Nf5 Bf8 20. R3d2 a5 21.
Bc3 Kh8 22. Qe1 b5 23. g4 Be8 24. Nd6 Ndc5 25. Nxe8 Rxe8 26. axb5 cxb5 27. Bf1
Qc6 28. Re2 Nf4 29. Re3 b4 30. Bb2 Nce6 31. Bc4 Rad8 32. Rxd8 Rxd8 33. Qf1 Bc5
34. Re1 Qb6 35. Kh2 Bxf2 36. Rd1 Nd4 37. Bxd4 Bxd4 38. Qe1 g5 39. h4 Kg7 40. h5
Bf2 41. Qh1 Be1 42. Rd4 Bc3 43. h6+ Kg6 0-1

[Event "Moscow Aeroflot op-A"]
[Site "Moscow"]
[Date "2020.02.24"]
[Round "6"]
[White "Idani, Pouya"]
[Black "Aravindh, Chithambaram VR"]
[Result "1/2-1/2"]
[WhiteElo "2577"]
[BlackElo "2630"]
[PlyCount "100"]
[EventDate "2020.02.19"]
[EventType "swiss"]
[EventRounds "9"]
[EventCountry "RUS"]
[SourceTitle "CBM 195"]
[Source "ChessBase"]
[SourceDate "2020.04.30"]
[SourceVersion "1"]
[SourceVersionDate "2020.04.30"]
[SourceQuality "1"]

1. e4 c5 2. Nf3 e6 3. d4 cxd4 4. Nxd4 Nf6 5. Nc3 Nc6 6. Ndb5 d6 7. Bf4 e5 8.
Bg5 a6 9. Na3 b5 10. Nd5 Be7 11. Bxf6 Bxf6 12. c3 Rb8 13. Nc2 Bg5 14. a4 bxa4
15. Ncb4 Nxb4 16. cxb4 Bd7 17. Bxa6 O-O 18. O-O Qe8 19. Nc7 Qd8 20. Nd5 Qe8 21.
b3 axb3 22. Qxb3 Kh8 23. Bd3 Be6 24. b5 Bd8 25. Bc4 Bxd5 26. Bxd5 Rxb5 27. Qd3
Rb8 28. Qa3 Qe7 29. Qa7 Qxa7 30. Rxa7 f5 31. Rd7 fxe4 32. Rxd6 Rb4 33. Re6 g6
34. g3 Kg7 35. Bc6 Rf5 36. Rd6 Bb6 37. Bxe4 Bxf2+ 38. Rxf2 Rxe4 39. Rd7+ Kh6
40. Kg2 Re1 41. h4 Re3 42. Rf7 Rxf7 43. Rxf7 Kh5 44. Kf2 Ra3 45. Rxh7+ Kg4 46.
Rg7 Kf5 47. g4+ Kxg4 48. Rxg6+ Kxh4 49. Re6 Ra5 50. Ke3 Kg4 1/2-1/2

[Event "Moscow Aeroflot op-A"]
[Site "Moscow"]
[Date "2020.02.24"]
[Round "6"]
[White "Iljiushenok, Ilia"]
[Black "Mendonca, Leon Luke"]
[Result "1/2-1/2"]
[WhiteElo "2519"]
[BlackElo "2418"]
[PlyCount "80"]
[EventDate "2020.02.19"]
[EventType "swiss"]
[EventRounds "9"]
[EventCountry "RUS"]
[SourceTitle "CBM 195"]
[Source "ChessBase"]
[SourceDate "2020.04.30"]
[SourceVersion "1"]
[SourceVersionDate "2020.04.30"]
[SourceQuality "1"]

1. e4 c5 2. Nf3 d6 3. Bb5+ Nd7 4. Ba4 a6 5. c4 Ngf6 6. Nc3 e6 7. O-O Qc7 8. Qe2
Be7 9. d4 cxd4 10. Nxd4 O-O 11. Kh1 Ne5 12. Bb3 Nc6 13. Nxc6 Qxc6 14. Bg5 h6
15. Bh4 Qc7 16. Rad1 Re8 17. Bc2 e5 18. Ba4 Rf8 19. Bxf6 Bxf6 20. Nd5 Qd8 21.
b4 Be6 22. c5 dxc5 23. bxc5 Qa5 24. Nxf6+ gxf6 25. Bb3 Bxb3 26. axb3 Rfd8 27.
Rd6 Rxd6 28. cxd6 Rd8 29. Rd1 Qb6 30. Qd3 Qxf2 31. h3 Qc5 32. Kh2 Kf8 33. Qd2
Ke8 34. b4 Qd4 35. Qc1 Qb6 36. Qd2 Qd4 37. Qc2 Qb6 38. Qd2 Qd4 39. Qc1 Qb6 40.
Qd2 Qd4 1/2-1/2

[Event "Moscow Aeroflot op-A"]
[Site "Moscow"]
[Date "2020.02.24"]
[Round "6"]
[White "Indjic, Aleksandar"]
[Black "Nesterov, Arseniy"]
[Result "1/2-1/2"]
[WhiteElo "2622"]
[BlackElo "2501"]
[PlyCount "81"]
[EventDate "2020.02.19"]
[EventType "swiss"]
[EventRounds "9"]
[EventCountry "RUS"]
[SourceTitle "CBM 195"]
[Source "ChessBase"]
[SourceDate "2020.04.30"]
[SourceVersion "1"]
[SourceVersionDate "2020.04.30"]
[SourceQuality "1"]

1. d4 Nf6 2. c4 e6 3. Nc3 Bb4 4. Nf3 b6 5. Qb3 c5 6. Bg5 h6 7. Bh4 Nc6 8. d5
Na5 9. Qc2 exd5 10. cxd5 O-O 11. O-O-O Bxc3 12. bxc3 Qe7 13. g4 Qe4 14. Bxf6
Qxc2+ 15. Kxc2 gxf6 16. e4 d6 17. Nh4 Bd7 18. Rb1 Kg7 19. Rg1 Rad8 20. c4 Rg8
21. Ng2 Kf8 22. Ne3 h5 23. Be2 hxg4 24. Kd3 Rh8 25. Bxg4 Bxg4 26. Nxg4 Ke7 27.
Rg3 Rh5 28. Rf3 Rdh8 29. Rg1 Rg5 30. Rgg3 Rhh5 31. Nxf6 Rxg3 32. hxg3 Rh1 33.
g4 Rd1+ 34. Ke2 Rh1 35. g5 Nxc4 36. Ng8+ Ke8 37. Nh6 Ne5 38. Ra3 a5 39. f4 Rh2+
40. Kd1 Rh1+ 41. Kc2 1/2-1/2

[Event "Moscow Aeroflot op-A"]
[Site "Moscow"]
[Date "2020.02.24"]
[Round "6"]
[White "Ivic, Velimir"]
[Black "Raja, Harshit"]
[Result "1/2-1/2"]
[WhiteElo "2558"]
[BlackElo "2472"]
[PlyCount "147"]
[EventDate "2020.02.19"]
[EventType "swiss"]
[EventRounds "9"]
[EventCountry "RUS"]
[SourceTitle "CBM 195"]
[Source "ChessBase"]
[SourceDate "2020.04.30"]
[SourceVersion "1"]
[SourceVersionDate "2020.04.30"]
[SourceQuality "1"]

1. e4 e5 2. Nf3 Nc6 3. Bb5 Nf6 4. d3 Bc5 5. Bxc6 dxc6 6. O-O Nd7 7. c3 O-O 8.
d4 Bd6 9. Bg5 f6 10. Bh4 c5 11. Bg3 Qe7 12. dxe5 Nxe5 13. Nxe5 fxe5 14. Nd2 Be6
15. Qe2 Qf7 16. b3 c6 17. Rfd1 Bc7 18. f3 Rfd8 19. Bf2 Qe7 20. Nc4 b5 21. Nb2
Ba5 22. c4 Bc3 23. Rac1 b4 24. Nd3 Rd4 25. Bxd4 Bxd4+ 26. Kh1 Rf8 27. Ne1 Qh4
28. Rxd4 cxd4 29. Nd3 Rf6 30. Nxe5 Rh6 31. g4 Qg3 32. Nxc6 d3 33. Qg2 d2 34.
Qxd2 Qxf3+ 35. Qg2 Qf4 36. Rg1 Bxg4 37. Nd4 Rh4 38. Re1 Qe5 39. Qf2 Rh6 40. Qg2
Rh4 41. Qf2 Rh6 42. Nf5 Bxf5 43. exf5 Rxh2+ 44. Qxh2 Qxe1+ 45. Kg2 Qe4+ 46. Kg3
Qxf5 47. Qe2 h5 48. Qe7 Qg4+ 49. Kh2 h4 50. Qxb4 Qg3+ 51. Kh1 Qf3+ 52. Kh2 Qg3+
53. Kh1 g5 54. Qe7 h3 55. Qe4 g4 56. Qg6+ Kf8 57. Qf6+ Ke8 58. Qe6+ Kd8 59.
Qf6+ Kc7 60. Qe7+ Kc6 61. Qe4+ Kc5 62. b4+ Kxb4 63. Qe7+ Kxc4 64. Qf7+ Kd4 65.
Qxa7+ Ke4 66. Qb7+ Kd4 67. Qb4+ Kd5 68. Qb5+ Ke6 69. Qe8+ Kf5 70. Qd7+ Ke4 71.
Qa4+ Kf3 72. Qb3+ Kf2 73. Qc2+ Kf1 74. Qc4+ 1/2-1/2

[Event "Moscow Aeroflot op-A"]
[Site "Moscow"]
[Date "2020.02.24"]
[Round "6"]
[White "Jumabayev, Rinat"]
[Black "Aleksandrov, Aleksej"]
[Result "1/2-1/2"]
[WhiteElo "2646"]
[BlackElo "2592"]
[PlyCount "116"]
[EventDate "2020.02.19"]
[EventType "swiss"]
[EventRounds "9"]
[EventCountry "RUS"]
[SourceTitle "CBM 195"]
[Source "ChessBase"]
[SourceDate "2020.04.30"]
[SourceVersion "1"]
[SourceVersionDate "2020.04.30"]
[SourceQuality "1"]

1. d4 Nf6 2. c4 e6 3. Nf3 d5 4. Nc3 Bb4 5. Bg5 dxc4 6. e4 c5 7. Bxc4 cxd4 8.
Nxd4 Bxc3+ 9. bxc3 Qa5 10. Bb5+ Nbd7 11. Bxf6 Qxc3+ 12. Kf1 gxf6 13. h4 a6 14.
Rh3 Qb4 15. Be2 Ne5 16. Rb1 Qd6 17. Rc3 Bd7 18. Rxb7 O-O 19. f4 Ng6 20. g3 Rfb8
21. Rxb8+ Rxb8 22. Nb3 Qxd1+ 23. Bxd1 Kf8 24. Rc7 Bb5+ 25. Ke1 Ne7 26. Nc5 f5
27. e5 Nd5 28. Ra7 Rc8 29. Nb7 Rc7 30. Ra8+ Kg7 31. Nd6 Kh6 32. a4 Nb6 33. Rg8
Bxa4 34. Bxa4 Nxa4 35. Rg5 Nc3 36. g4 Ne4 37. Rxf5 Nxd6 38. exd6 Rd7 39. Ra5
Rxd6 40. Ke2 Kg7 41. Ke3 h6 42. Ke4 Rb6 43. h5 Kf6 44. Rc5 Rb4+ 45. Kf3 Rb3+
46. Kf2 Rb5 47. Rc6 a5 48. Ra6 Rb2+ 49. Kg3 Rb3+ 50. Kh4 Rb4 51. Kg3 Rb3+ 52.
Kh4 Rb4 53. Kg3 Ra4 54. Ra7 Ra1 55. Kh4 Ra4 56. Kg3 Ra1 57. Kh4 a4 58. g5+
hxg5+ 1/2-1/2

[Event "Moscow Aeroflot op-A"]
[Site "Moscow"]
[Date "2020.02.24"]
[Round "6"]
[White "Karthik, Venkataraman"]
[Black "Chigaev, Maksim"]
[Result "0-1"]
[WhiteElo "2483"]
[BlackElo "2616"]
[PlyCount "60"]
[EventDate "2020.02.19"]
[EventType "swiss"]
[EventRounds "9"]
[EventCountry "RUS"]
[SourceTitle "CBM 195"]
[Source "ChessBase"]
[SourceDate "2020.04.30"]
[SourceVersion "1"]
[SourceVersionDate "2020.04.30"]
[SourceQuality "1"]

1. Nf3 Nf6 2. c4 g6 3. Nc3 d5 4. cxd5 Nxd5 5. Qb3 Nb6 6. d4 Bg7 7. Bf4 Be6 8.
Qa3 c5 9. e4 cxd4 10. Nb5 O-O 11. Nc7 Nc6 12. Nxa8 Qxa8 13. Be2 Nc4 14. Bxc4
Bxc4 15. Rc1 Bb5 16. Qb3 Ba6 17. e5 b6 18. Kd1 Na5 19. Qc2 d3 20. Qa4 Bb7 21.
Nd4 Bxg2 22. Re1 d2 23. Bxd2 Rd8 24. Rc2 Qd5 25. Nb3 Nxb3 26. axb3 Bh6 27. f4
b5 28. Qb4 a5 29. Qxe7 Bxf4 30. e6 Qxd2+ 0-1

[Event "Moscow Aeroflot op-A"]
[Site "Moscow"]
[Date "2020.02.24"]
[Round "6"]
[White "Kobalia, Mihail"]
[Black "Murzin, Volodar"]
[Result "1/2-1/2"]
[WhiteElo "2609"]
[BlackElo "2442"]
[PlyCount "31"]
[EventDate "2020.02.19"]
[EventType "swiss"]
[EventRounds "9"]
[EventCountry "RUS"]
[SourceTitle "CBM 195"]
[Source "ChessBase"]
[SourceDate "2020.04.30"]
[SourceVersion "1"]
[SourceVersionDate "2020.04.30"]
[SourceQuality "1"]

1. e4 e5 2. Nf3 Nc6 3. Bc4 Bc5 4. O-O Nf6 5. d3 O-O 6. a4 a5 7. Nbd2 d6 8. c3
Be6 9. h3 h6 10. Re1 Ba7 11. Bxe6 fxe6 12. Nf1 Nh5 13. Be3 Bxe3 14. Rxe3 Nf4
15. Kh2 g5 16. g3 1/2-1/2

[Event "Moscow Aeroflot op-A"]
[Site "Moscow"]
[Date "2020.02.24"]
[Round "6"]
[White "Kovalevskaya, Ekaterina"]
[Black "Lazavik, Denis"]
[Result "0-1"]
[WhiteElo "2407"]
[BlackElo "2428"]
[PlyCount "104"]
[EventDate "2020.02.19"]
[EventType "swiss"]
[EventRounds "9"]
[EventCountry "RUS"]
[SourceTitle "CBM 195"]
[Source "ChessBase"]
[SourceDate "2020.04.30"]
[SourceVersion "1"]
[SourceVersionDate "2020.04.30"]
[SourceQuality "1"]

1. e4 e5 2. Nf3 Nc6 3. Nc3 Nf6 4. d4 exd4 5. Nxd4 Bb4 6. Nxc6 bxc6 7. Bd3 O-O
8. O-O d5 9. exd5 cxd5 10. Bg5 c6 11. Qf3 Bd6 12. h3 Rb8 13. b3 h6 14. Bf4 Be6
15. Ne2 Re8 16. Rfe1 Bxf4 17. Nxf4 Bd7 18. Rxe8+ Qxe8 19. Kf1 Qe7 20. Re1 Qd6
21. Nh5 Nxh5 22. Qxh5 Be6 23. Qe5 Qxe5 24. Rxe5 Kf8 25. Ke2 Ke7 26. Kd2 Kd6 27.
Re1 c5 28. f4 a5 29. a4 Rb4 30. f5 Bd7 31. Bb5 Bxf5 32. Re8 Rf4 33. g4 Be4 34.
Rd8+ Ke5 35. Re8+ Kf6 36. c3 Rf2+ 37. Ke1 Rb2 38. Rc8 d4 39. cxd4 cxd4 40. Bc4
Ke5 41. Rd8 Rh2 42. Bf1 g6 43. Rd7 f5 44. gxf5 gxf5 45. Rd8 Rb2 46. Bc4 h5 47.
Kd1 Kf4 48. Kc1 Rc2+ 49. Kd1 Ke3 50. Rg8 Rg2 51. Rxg2 Bxg2 52. h4 d3 0-1